[Event "Copenhagen Obro New Year op"]
[Site "Copenhagen"]
[Date "2012.12.30"]
[Round "7"]
[White "Henningsson, Hjalte Skov"]
[Black "Olsen, Michael Richard W"]
[Result "1/2-1/2"]
[WhiteElo "1828"]
[BlackElo "1971"]
[PlyCount "88"]
[EventDate "2012.12.27"]
[EventType "swiss"]
[EventRounds "7"]
[EventCountry "DEN"]
[SourceTitle "CBM 152 Extra"]
[Source "ChessBase"]
[SourceDate "2013.02.25"]
[SourceVersion "1"]
[SourceVersionDate "2013.02.25"]
[SourceQuality "1"]

1. Nf3 g6 2. g3 Bg7 3. d4 Nf6 4. Bg2 0-0 5. 0-0 d5 6. c4 dxc4 7. Nbd2 c6 8. a4 a5 9. Nxc4 Na6 10. Bd2 Nb4 11. Bxb4 axb4 12. Qd2 Be6 13. Qxb4 Nd5 14. Qd2 b5 15. axb5 cxb5 16. Nce5 Rxa1 17. Rxa1 f6 18. Nd3 Nb6 19. Nc5 Bf7 20. Qa5 e5 21. Rc1 Re8 22. Nb7 Qe7 23. Qxb6 e4 24. Nd2 e3 25. Ne4 f5 26. Nbd6 exf2+ 27. Kxf2 Rf8 28. Rc7 Qd8 29. Qb7 fxe4 30. Rxf7 Bxd4+ 31. e3 Qxd6 32. Rxf8+ Qxf8+ 33. Ke2 Bxb2 34. Qxb5 Bg7 35. Bxe4 Kh8 36. Qb7 Qa3 37. Qa8+ Qxa8 38. Bxa8 Be5 39. Kf3 Kg7 40. h4 Kf6 41. g4 g5 42. h5 h6 43. Be4 Ke6 44. Bf5+ Kf7 1/2-1/2

[Event "Politiken Cup 33rd"]
[Site "Helsingor"]
[Date "2011.08.07"]
[Round "10"]
[White "Merkesvik, Frode"]
[Black "Henningsson, Hjalte Skov"]
[Result "0-1"]
[WhiteElo "1112"]
[BlackElo "1794"]
[PlyCount "118"]
[EventDate "2011.07.30"]
[EventType "swiss"]
[EventRounds "10"]
[EventCountry "DEN"]
[SourceTitle "CBM 143 Extra"]
[Source "ChessBase"]
[SourceDate "2011.08.29"]
[SourceVersion "1"]
[SourceVersionDate "2011.08.29"]
[SourceQuality "1"]

1. e4 c6 2. e5 d5 3. exd6 exd6 4. g3 Nf6 5. Bg2 Be7 6. Nf3 0-0 7. 0-0 Bf5 8. d3 Nbd7 9. Nh4 Bg4 10. f3 Be6 11. f4 Qb6+ 12. Kh1 Rfe8 13. Nc3 Bg4 14. Nf3 h6 15. b3 d5 16. Qd2 Bb4 17. Na4 Bxd2 18. Nxb6 Bc3 19. Nxa8 Bxa1 20. Ba3 Bc3 21. Nc7 Rc8 22. Bd6 Ba5 23. Nxd5 Nxd5 24. Ne5 Nxe5 25. fxe5 Ne3 26. Rf4 Nxg2 27. Kxg2 Be6 28. c4 Bc7 29. c5 Bxd6 30. exd6 Kf8 31. d4 Ra8 32. Rf2 Ke8 33. Kf3 b6 34. b4 Rb8 35. a3 Kd7 36. Rb2 Re8 37. a4 Bd5+ 38. Kf2 Rb8 39. Re2 Be6 40. Rb2 Re8 41. Rb1 Bg4 42. Re1 Rxe1 43. Kxe1 Kc8 44. Kd2 Kb7 45. Kd3 Be6 46. h4 Bb3 47. a5 bxa5 48. bxa5 Be6 49. Kc3 Ka6 50. Kb4 g5 51. hxg5 hxg5 52. d5 Bd7 53. dxc6 Bxc6 54. Kc4 Kxa5 55. Kd4 f6 56. g4 Kb4 57. d7 Bxd7 58. Kd5 a5 59. c6 Bxg4 0-1